Wsie i miasta leżące przy granicy ze Słowacją - Statystyki

Ogólne statystyki
  • Ten quiz został rozwiązany 10 razy
    8 od ostatniego zresetowania
  • Średni wynik to 16 z 85
Statystyki odpowiedzi
Gmina Miejscowość % Poprawnych
Jabłonka Jabłonka
71%
Zakopane Zakopane
71%
Dukla Barwinek
57%
Jabłonka Chyżne
57%
Muszyna Muszyna
57%
Zawoja Zawoja
57%
Czarny Dunajec Chochołów
43%
Kościelisko Kościelisko
43%
Lipnica Wielka Lipnica Wielka
43%
Łapsze Wyżne Niedzica
43%
Szczawnica Szczawnica
43%
Bukowina Tatrzańska Brzegi
29%
Lutowiska Brzegi Górne
29%
Krempna Grab
29%
Bukowina Tatrzańska Jurgów
29%
Uście Gorlickie Konieczna
29%
Jeleśnia Korbielów
29%
Krościenko nad Dunajcem Krościenko nad Dunajcem
29%
Krempna Ożenna
29%
Piwniczna-Zdrój Piwniczna-Zdrój
29%
Czarny Dunajec Podczerwone
29%
Czorsztyn Sromowce Niżne
29%
Czorsztyn Sromowce Wyżne
29%
Cisna Wetlina
29%
Kościelisko Witów
29%
Rajcza Zwardoń
29%
Muszyna Andrzejówka
14%
Komańcza Balnica
14%
Uście Gorlickie Blechnarka
14%
Jaśliska Czeremcha
14%
Komańcza Dołżyca
14%
Muszyna Dubne
14%
Krempna Huta Polańska
14%
Uście Gorlickie Izby
14%
Jaśliska Jasiel
14%
Szczawnica Jaworki
14%
Istebna Jaworzynka
14%
Łapsze Wyżne Łapszanka
14%
Łapsze Wyżne Łapsze Niżne
14%
Muszyna Leluchów
14%
Piwniczna-Zdrój Łomnica-Zdrój
14%
Muszyna Milik
14%
Krynica-Zdrój Muszynka
14%
Komańcza Nowy Łupków
14%
Komańcza Osławica
14%
Krempna Polany
14%
Jaśliska Posada Jaśliska
14%
Sękowa Radocyna
14%
Komańcza Radoszyce
14%
Uście Gorlickie Regietów
14%
Jaśliska Rudawka Jaśliska
14%
Cisna Smerek
14%
Rajcza Sól
14%
Cisna Solinka
14%
Szczawnica Szlachtowa
14%
Krynica-Zdrój Tylicz
14%
Piwniczna-Zdrój Wierchomla Wielka
14%
Komańcza Wisłok Wielki
14%
Muszyna Wojkowa
14%
Komańcza Wola Michowa
14%
Jaśliska Wola Niżna
14%
Jaśliska Wola Wyżna
14%
Uście Gorlickie Wysowa-Zdrój
14%
Uście Gorlickie Zdynia
14%
Muszyna Żegiestów
14%
Piwniczna-Zdrój Zubrzyk
14%
Dukla Zyndranowa
14%
Krempna Ciechania
0%
Komańcza Czystogarb
0%
Ujsoły Glinka
0%
Łapsze Wyżne Kacwanka
0%
Istebna Koniaków
0%
Czarny Dunajec Koniówka
0%
Jeleśnia Krzyżówki
0%
Jaśliska Lipowiec
0%
Dukla Olchowiec
0%
Jeleśnia Przyborów
0%
Rajcza Rycerka Górna
0%
Bukowina Tatrzańska Rzepiska
0%
Ujsoły Soblówka
0%
Jeleśnia Sopotnia Wielka
0%
Cisna Strzebowiska
0%
Dukla Wilsznia
0%
Ujsoły Złatna
0%
Komańcza Zubeńsko
0%
Nie znaleziono quizów pasujących do podanych kryteriów
Rozkład punktacji
Procent ludzi z każdym wynikiem
Percentyl według liczby udzielonych odpowiedzi
Twoja historia wyników
Nie rozwiązałeś tego quizu od ostatniego zresetowania